[Event "Israel Team Ch Under 18"]
[Site "Jerusalem"]
[Date "2017.08.15"]
[Round "7"]
[White "Shohat, Yotam"]
[Black "Cohen Revivo, Shoham"]
[Result "0-1"]
[WhiteElo "2041"]
[BlackElo "2186"]
[Annotator "TA"]
[PlyCount "46"]
[EventDate "2017.??.??"]
[EventType "swiss"]
[EventCountry "ISR"]
[SourceTitle "playchess.com"]
[Source "ChessBase"]
[SourceQuality "1"]

{[%evp 15,46,30,12,9,23,-12,-14,-22,-23,-22,-21,-95,-102,-88,-84,-93,-83,-111,-92,-274,-286,-522,-513,-854,-840,-804,-760,-783,-783,-777,-769,-777,-777]} 1. Nf3 d5 2. g3 Bg4 3. Bg2 Nf6 4. O-O Nbd7 5. d3 e5 6. c4 c6 7. cxd5 {A11: English Opening: 1...c6} cxd5 8. Qa4 Bd6 {LiveBook: 4 Games} 9. Bg5 {[#] Bxf6 is the strong threat.The position is equal.} (9. Nc3 d4 10. Nb5 Bb8 11. Bd2 O-O 12. Bb4 Re8 13. Nd6 Bxd6 14. Bxd6 Re6 {1-0 (35) Vorobiov,E (2584)-Pilgaard,K (2381) La Roda 2017}) 9... O-O 10. Nc3 (10. Qxg4 $5 Nxg4 11. Bxd8 Rfxd8 12. Nc3 $11) 10... Be6 11. Nd2 $146 ({Find the theoretical novelty and annotate with similar games:} 11. Nb5 Bb8 12. Rfc1 a6 13. Nc3 h6 14. Bxf6 Nxf6 {1-0 (68) Van de Mortel,J (2412)-Dean,J (2243) Indianapolis 2006}) 11... h6 12. Bxf6 $1 Nxf6 13. b4 (13. e4 $11) 13... a5 $17 14. bxa5 Rxa5 15. Qc2 Qc7 $36 {[%mdl 2048] Black is on the roll.} 16. Nb3 Ra6 17. Rfc1 $2 (17. Rac1 $17 {might work better.}) 17... d4 $19 {[%cal Bd5d4,Bd4c3][%mdl 32]} 18. Rab1 $2 (18. Nxd4 {was worth a try.} exd4 19. Nb5) 18... dxc3 {Black is clearly winning.} 19. Bxb7 (19. Qxc3 $142 Qxc3 20. Rxc3) 19... Qxb7 20. Nc5 {[#]} Qxb1 $1 21. Qxb1 (21. Rxb1 Bxc5) 21... Bxc5 22. Qb5 Ba3 23. Rxc3 Raa8 0-1

[Event "Israel Team Ch Under 18"]
[Site "Jerusalem"]
[Date "2017.08.15"]
[Round "7"]
[White "Zhimalov, Adam"]
[Black "Gabizon, Eyal"]
[Result "1/2-1/2"]
[WhiteElo "2036"]
[BlackElo "2146"]
[Annotator "ChessBase"]
[PlyCount "40"]
[EventDate "2017.??.??"]
[EventType "swiss"]
[EventCountry "ISR"]
[SourceTitle "playchess.com"]
[Source "ChessBase"]
[SourceQuality "1"]
[TimeControl "40/5400+30:1800+30"]

1. d4 {[%emt 0:40:12]} Nf6 {[%emt 0:40:52]} 2. c4 {[%emt 0:00:25]} c5 {[%emt 0:00:26]} 3. d5 {[%emt 0:00:26]} e6 {[%emt 0:00:29]} 4. Nc3 {[%emt 0:00:32]} exd5 {[%emt 0:00:27]} 5. cxd5 {[%emt 0:00:26]} d6 {[%emt 0:00:23]} 6. Nf3 {[%emt 0:00:24]} g6 {[%emt 0:00:26]} 7. Nd2 {[%emt 0:00:23]} Bg7 {[%emt 0:00:25]} 8. e4 {[%emt 0:00:23]} O-O {[%emt 0:00:30]} 9. Be2 {[%emt 0:00:24]} Re8 {[%emt 0:01:17]} 10. O-O {[%emt 0:00:29]} Nbd7 {[%emt 0:01:11]} 11. Qc2 {[%emt 0:00:28]} Ne5 {[%emt 0:03:20]} 12. b3 {[%emt 0:06:05]} g5 {[%emt 0:04:21]} 13. Bb2 {[%emt 0:05:51]} a6 {[%emt 0:03:55]} 14. a4 {[%emt 0:00:31]} Qe7 {[%emt 0:00:56]} 15. Rae1 {[%emt 0:06:15]} Rb8 {[%emt 0:02:09]} 16. a5 {[%emt 0:03:26]} Bd7 {[%emt 0:05:22]} 17. Nd1 {[%emt 0:02:42]} Ng6 {[%emt 0:04:49]} 18. Bc4 {[%emt 0:04:12]} Ng4 {[%emt 0:05:34]} 19. Bxg7 {[%emt 0:02:40]} Kxg7 {[%emt 0:00:33]} 20. Ne3 {[%emt 0:01:18]} Nxe3 {[%emt 0:01:02]} 1/2-1/2

[Event "Israel Team Ch Under 18"]
[Site "Jerusalem"]
[Date "2017.08.15"]
[Round "7"]
[White "Yaniv, Ori"]
[Black "Emanuel, Yahav"]
[Result "1/2-1/2"]
[WhiteElo "1998"]
[BlackElo "2146"]
[Annotator "TA"]
[PlyCount "103"]
[EventDate "2017.??.??"]
[EventType "swiss"]
[EventCountry "ISR"]
[SourceTitle "playchess.com"]
[Source "ChessBase"]
[SourceQuality "1"]

{[%evp 19,103,48,41,9,60,61,70,48,36,43,35,20,45,0,56,49,45,0,0,0,-11,-4,0,0,0,-5,12,0,0,-16,89,90,86,18,50,0,185,183,178,173,214,185,268,266,234,235,254,241,615,583,730,711,989,986,6701,6449,29967,29969,29968,29969,29969,29970,7140,5318,29974,29975,29977,29977,29982,29983,29985,29984,29993,29994,29994,29995,29996,29997,29998,29997,29997,29997,29997,29997,29997,29998]} 1. e4 e5 2. Nf3 Nc6 3. Nc3 Nf6 4. Bb5 Bb4 5. O-O O-O 6. d3 d6 7. Bg5 Bxc3 8. bxc3 Bg4 9. h3 Bh5 10. g4 {C49: Four Knights: 4 Bb5 Bb4} Bg6 {LiveBook: 3 Games} 11. Nh2 (11. Bxc6 $5 bxc6 12. Rb1 $14) (11. Bxc6 bxc6 12. Nd2 h6 13. Bh4 Bh7 14. Nc4 Qe7 15. Qf3 {½-½ (15) Smeets,J (2593)-Werle,J (2591) London 2008}) 11... d5 ({Black should try} 11... h6 $11 12. Bh4 Ne7) 12. f4 $14 {White is slightly better.} h6 $1 {[%cal Rh6g5]} 13. Bh4 {And now Bxc6 would win.} (13. Bxf6 $5 gxf6 14. Qc1 $14) 13... Qd6 14. Bxc6 bxc6 15. Bxf6 $146 ({Find the theoretical novelty and annotate with similar games:} 15. fxe5 Qxe5 16. Qd2 dxe4 17. d4 Qd6 18. Bxf6 gxf6 19. Qxh6 {0-1 (29) Raykov,S (1845)-Aleksic,N (1981) Paracin 2014}) 15... Qxf6 16. g5 (16. f5 $5 {[%cal Rf5g6]}) 16... hxg5 (16... Qe7 $11) 17. f5 $1 Bh7 18. Qh5 (18. Ng4 $14 Qd6 19. f6) 18... Qh6 $1 $11 {[%cal Rh6h5]} 19. Qxh6 gxh6 20. Ng4 f6 21. Nxh6+ Kg7 22. Ng4 Rab8 23. h4 gxh4 24. Kh2 Rf7 (24... Rb2 $11 {keeps the balance.} 25. Ne3 d4 26. cxd4 exd4) 25. Rg1 $16 {Threatens to win with Nxe5+.} Kf8 26. Rg2 (26. Rab1 $16 Rb6 27. Kh3) 26... Ke8 27. Rag1 {Nh6 is the strong threat.} Kd7 $2 {[#]} (27... Rb2 $1 $11 {and Black stays safe.}) 28. Nxf6+ $1 $18 {[%mdl 512]} Rxf6 29. Rg7+ Kd6 {Hoping for ...Rh6.} 30. Rxh7 {[%mdl 4096] Endgame KRR-KRR} Rb2 {[#]} (30... dxe4 $142 31. dxe4 Rb2) 31. Rg6 $1 {[%cal Rg6f6]} Rxg6 32. fxg6 Rxc2+ {KR-KR} 33. Kh3 Ke6 $2 (33... Rc1 34. Rf7 (34. Kxh4 dxe4 35. dxe4 Rg1 $16) (34. Rxh4 Ke7 $16) 34... Rg1) 34. Rxc7 {Black must now prevent g7.} Rb2 35. Rxc6+ Kd7 36. g7 Rb8 37. Rg6 Rg8 38. exd5 Ke7 39. d6+ Kf7 40. Rg4 Ke6 41. Kxh4 Kxd6 42. Kh5 {White mates.} Ke6 43. Kh6 e4 44. dxe4 a5 45. Kh7 a4 46. Kxg8 {KR-KP} a3 47. Kf8 Ke5 48. g8=Q Kf6 49. Qg6+ Ke5 50. Qf5+ Kd6 51. Rg6+ Kc7 52. Qc5+ {[%mdl 32768] Precision: White = 65%, Black = 26%. . An unexpected result.} 1/2-1/2

[Event "Israel Team Ch Under 18"]
[Site "Jerusalem"]
[Date "2017.08.15"]
[Round "7"]
[White "Landau, Amit"]
[Black "Levy, Zohar"]
[Result "1-0"]
[WhiteElo "1965"]
[BlackElo "1709"]
[Annotator "NA RC"]
[PlyCount "111"]
[EventDate "2017.??.??"]
[EventType "swiss"]
[EventCountry "ISR"]
[SourceTitle "playchess.com"]
[Source "ChessBase"]
[SourceQuality "1"]
[TimeControl "40/5400+30:1800+30"]

1. d4 Nf6 2. Nf3 c5 3. e3 g6 4. c3 Bg7 5. Nbd2 cxd4 6. exd4 O-O 7. Bd3 Nc6 8. O-O d6 {A48: 1 d4 Nf6 2 Nf3 g6: Torre, London and Colle Systems} 9. Re1 Re8 (9... Qc7 10. Nc4 Bd7 11. h3 b5 12. Ne3 {0-1 (34) Kiewra,K (2421)-Erdos,V (2610) Biel 2015}) 10. Nc4 Bg4 (10... b5 $5 {[%cal Rb5c4]} 11. Ne3 b4 $14) 11. h3 Bd7 12. Bg5 $146 d5 13. Nce5 Be6 14. Bf4 Nxe5 15. Nxe5 Qb6 16. Qb3 Qxb3 17. axb3 Nd7 18. Bb5 Bxe5 19. Bxe5 a6 20. Bf1 Nxe5 21. Rxe5 Kf8 22. c4 dxc4 23. d5 Bd7 24. bxc4 Rac8 25. b4 Rc7 26. c5 Rd8 27. Be2 Ra8 (27... Be8 $11 {keeps the balance.}) 28. Bf3 Bb5 (28... Rb8 $16) 29. Re3 (29. d6 $142 Rd7 30. Rxe7 Rxe7 31. dxe7+ Kxe7 32. Bxb7) 29... Rd8 30. Rd1 a5 31. d6 exd6 32. cxd6 Rcd7 33. bxa5 Ba6 34. Rb3 Rxd6 35. Rxd6 Rxd6 36. Bxb7 Bxb7 37. Rxb7 Ke8 (37... Ra6 $16 {was worth a try.}) 38. Ra7 Rd7 39. Ra8+ Rd8 40. Rxd8+ Kxd8 41. f4 Kc7 42. Kf2 Kb7 43. Ke3 Ka6 $18 44. Ke4 Kxa5 45. Ke5 Kb5 46. Kf6 Kc5 47. Kxf7 Kd5 48. Kg7 Ke4 49. Kxh7 Kxf4 50. Kxg6 Kg3 51. Kg5 Kxg2 52. h4 Kg3 53. h5 Kf3 54. h6 Ke4 55. h7 Ke5 56. h8=Q+ 1-0

[Event "Israel Team Ch Under 18"]
[Site "Jerusalem"]
[Date "2017.08.15"]
[Round "7"]
[White "Zemach, Roee"]
[Black "Gorodetzky, David"]
[Result "1-0"]
[WhiteElo "1939"]
[BlackElo "2391"]
[Annotator "TA"]
[PlyCount "59"]
[EventDate "2017.??.??"]
[EventType "swiss"]
[EventCountry "ISR"]
[SourceTitle "playchess.com"]
[Source "ChessBase"]
[SourceQuality "1"]

{[%evp 31,59,51,83,-12,26,8,27,0,62,90,77,75,70,82,82,74,66,72,79,58,81,63,63,47,71,47,95,63,122,83]} 1. d4 Nf6 2. c4 g6 3. Nc3 Bg7 4. e4 d6 5. Nf3 O-O 6. Be2 e5 7. O-O Nc6 8. d5 Ne7 9. b4 Nh5 10. Re1 f5 11. Ng5 Nf6 12. f3 Kh8 {E97: King's Indian: Classical Main Line (6...e5 7 0-0 Nc6): 8 Be3 and 8 d5 Ne7, not 9 Ne1} 13. Rb1 h6 14. Ne6 Bxe6 15. dxe6 fxe4 16. fxe4 Nc6 {[#] LiveBook: 21 Games} 17. Qd3 (17. Nd5 $1 $16) 17... Ng8 18. Qh3 {White wants to play Nd5.} Nd4 ({Avoid the trap} 18... Qf6 $2 19. Be3 $18 (19. Rf1 Qe7 $16)) 19. Nd5 {[#]} c6 $146 (19... Re8 $1 $11) ({Predecessor:} 19... Re8 20. Bg4 {1-0 (72) Korobov,A (2657)-Maslak,K (2560) Pardubice 2010}) 20. Bxh6 $1 $14 Bxh6 {[#]} 21. e7 $1 {[%cal Re7d8][%mdl 512]} Nxe7 22. Qxh6+ Kg8 23. Nxe7+ Qxe7 24. Qxg6+ Qg7 25. Qxg7+ Kxg7 26. Bg4 Rf4 27. h3 Raf8 28. Rb2 Kg6 29. a4 {[%cal Ba2a4,Ba4a5][%mdl 32]} a6 (29... b6 $14) 30. a5 {Precision: White = 41%, Black = 36%.} 1-0

[Event "Israel Team Ch Under 18"]
[Site "Jerusalem"]
[Date "2017.08.15"]
[Round "7"]
[White "Vazana, Yochay"]
[Black "Weintraub, Amit"]
[Result "0-1"]
[WhiteElo "1921"]
[BlackElo "1801"]
[Annotator "NA RC"]
[PlyCount "72"]
[EventDate "2017.??.??"]
[EventType "swiss"]
[EventCountry "ISR"]
[SourceTitle "playchess.com"]
[Source "ChessBase"]
[SourceQuality "1"]
[TimeControl "40/5400+30:1800+30"]

1. e4 {[%emt 0:40:14]} d5 {[%emt 0:40:47]} 2. exd5 {[%emt 0:00:25]} Nf6 {[%emt 0:00:25]} 3. c4 {[%emt 0:00:49]} c6 {[%emt 0:00:27]} 4. d4 {[%emt 0:01:07]} cxd5 {[%emt 0:00:28]} 5. cxd5 {[%emt 0:00:27]} Nxd5 {[%emt 0:00:30]} 6. Bc4 {[%emt 0:00:56]} Nc6 {[%emt 0:01:30]} 7. Nc3 {[%emt 0:04:24]} Nb6 {[%emt 0:03:11]} 8. Bb5 {[%emt 0:01:32]} Bd7 {[%emt 0:00:29]} 9. Nf3 {[%emt 0:01:23]} a6 {[%emt 0:01:20] B13: Caro-Kann: Exchange Variation and Panov-Botvinnik Attack} 10. Bxc6 {[%emt 0:02:31]} Bxc6 {[%emt 0:00:31]} 11. O-O {[%emt 0:01:22]} g6 $146 {[%emt 0:03:03]} ({Predecessor:} 11... e6 12. Ne5 Qc7 13. Bf4 Bd6 14. Rc1 f6 15. Qh5+ g6 16. Nxg6 Qf7 17. Bxd6 {1-0 (32) Koth,S (2230)-Prohaszka,G Balatonlelle 2001}) 12. Ne5 {[%emt 0:05:07]} Bd5 {[%emt 0:00:40]} 13. Nxd5 {[%emt 0:04:23]} Qxd5 {[%emt 0:00:37]} 14. Be3 {[%emt 0:02:38]} Bg7 {[%emt 0:00:50]} 15. Re1 {[%emt 0:02:28]} O-O {[%emt 0:00:38]} 16. Qf3 {[%emt 0:02:45]} Qxf3 {[%emt 0:03:43]} 17. Nxf3 {[%emt 0:00:47]} Nd5 {[%emt 0:01:03]} 18. Bd2 $1 {[%emt 0:01:22]} Rfd8 {[%emt 0:00:44]} 19. Rac1 {[%emt 0:01:28]} e6 {[%emt 0:04:15]} 20. g3 {[%emt 0:02:11]} Rdc8 {[%emt 0:03:03]} 21. b3 {[%emt 0:02:16]} Bf8 {[%emt 0:01:40]} 22. Bg5 {[%emt 0:15:58]} Nb4 {[%emt 0:02:38]} 23. Rc4 {[%emt 0:02:08]} (23. a4 $1 $15) 23... b5 {[%emt 0:01:43]} (23... Nxa2 $17 24. h4 Nc3) 24. Rxc8 {[%emt 0:01:23]} Rxc8 {[%emt 0:00:24]} 25. Rc1 {[%emt 0:00:35]} (25. Re2 $17) 25... Rxc1+ {[%emt 0:01:30]} 26. Bxc1 {[%emt 0:00:23]} Nxa2 {[%emt 0:00:30]} 27. Be3 {[%emt 0:00:41]} Nb4 {[%emt 0:02:19]} 28. Bd2 {[%emt 0:00:53]} Nc6 {[%emt 0:00:28]} 29. Bc3 $19 {[%emt 0:00:35]} a5 {[%emt 0:02:43]} 30. Kf1 {[%emt 0:00:28]} a4 {[%emt 0:00:26]} 31. bxa4 {[%emt 0:00:36]} bxa4 {[%emt 0:00:25]} 32. Ke1 {[%emt 0:00:32]} Bb4 {[%emt 0:01:09]} 33. Bxb4 {[%emt 0:00:31]} Nxb4 {[%emt 0:00:23]} 34. Kd1 {[%emt 0:00:35]} Nd3 {[%emt 0:01:53]} 35. Ke2 {[%emt 0:00:47]} a3 {[%emt 0:00:36]} 36. Nd2 {[%emt 0:00:46]} Nc1+ {[%emt 0:00:29]} 0-1

[Event "Israel Team Ch Under 18"]
[Site "Jerusalem"]
[Date "2017.08.15"]
[Round "7"]
[White "Stolyarsky, Yegor"]
[Black "Kadria, Shay"]
[Result "0-1"]
[WhiteElo "1914"]
[BlackElo "1784"]
[Annotator "NA RC"]
[PlyCount "156"]
[EventDate "2017.??.??"]
[EventType "swiss"]
[EventCountry "ISR"]
[SourceTitle "playchess.com"]
[Source "ChessBase"]
[SourceQuality "1"]
[TimeControl "40/5400+30:1800+30"]

1. e4 {[%emt 0:40:14]} e6 {[%emt 0:41:10]} 2. d4 {[%emt 0:00:21]} d5 {[%emt 0:00:27]} 3. exd5 {[%emt 0:00:22]} exd5 {[%emt 0:00:27]} 4. Bd3 {[%emt 0:00:24]} Bd6 {[%emt 0:00:40]} 5. Nf3 {[%emt 0:00:25]} h6 {[%emt 0:00:34]} 6. h3 {[%emt 0:02:31] C01: French: Exchange Variation} Qf6 {[%emt 0:00:30]} 7. O-O {[%emt 0:00:40]} Ne7 {[%emt 0:00:20]} 8. c3 {[%emt 0:01:32]} Nbc6 {[%emt 0:00:41]} 9. b4 $146 {[%emt 0:01:05]} ({Predecessor:} 9. Re1 O-O 10. Nbd2 Bf5 11. Nf1 Bxd3 12. Qxd3 Nf5 13. Ne3 Nxe3 14. Bxe3 {½-½ (31) Asadli,V (2397)-Hojjatova,A (2300) Nakhchivan 2016}) 9... Be6 {[%emt 0:02:16]} 10. Nbd2 {[%emt 0:01:11]} g5 {[%emt 0:01:11]} 11. Re1 {[%emt 0:02:34]} (11. b5 $5 {[%cal Rb5c6]} Nb8 12. c4 $14) 11... h5 {[%emt 0:06:18]} 12. b5 {[%emt 0:04:30]} Na5 {[%emt 0:01:38]} 13. Nxg5 {[%emt 0:02:39]} Qxg5 {[%emt 0:01:07]} 14. Nb3 {[%emt 0:00:33]} Qh4 {[%emt 0:03:29]} 15. Rxe6 {[%emt 0:02:55]} Nxb3 $2 {[%emt 0:02:07] [#]} (15... fxe6 $19 16. Nxa5 O-O-O) 16. Rxe7+ $1 {[%emt 0:00:46]} Qxe7 {[%emt 0:01:45]} 17. axb3 {[%emt 0:00:39]} c6 {[%emt 0:03:33]} 18. Bd2 {[%emt 0:04:25]} Qf6 {[%emt 0:03:36]} 19. bxc6 {[%emt 0:07:46]} bxc6 {[%emt 0:00:26]} 20. Qe1+ {[%emt 0:02:37]} Kf8 {[%emt 0:01:44]} 21. Qe3 {[%emt 0:01:55]} Kg7 {[%emt 0:01:28]} 22. Qg5+ {[%emt 0:04:11]} Qxg5 {[%emt 0:00:34]} 23. Bxg5 {[%emt 0:00:43]} Rhc8 {[%emt 0:05:27]} 24. Ba6 {[%emt 0:06:38]} Rc7 {[%emt 0:00:32]} 25. b4 {[%emt 0:01:48]} Re8 {[%emt 0:05:37]} 26. Kf1 {[%emt 0:02:08]} f6 {[%emt 0:03:09]} 27. Bd2 {[%emt 0:03:51]} Rce7 {[%emt 0:02:28]} 28. Bd3 {[%emt 0:01:40]} Rf8 {[%emt 0:01:46]} 29. Ba6 {[%emt 0:02:30]} Rff7 {[%emt 0:01:12]} (29... h4 $11) 30. Ra2 f5 {[%emt 0:00:45]} (30... h4 $11) 31. Ra1 {[%emt 0:01:43]} f4 32. f3 {[%emt 0:00:33]} Re8 {[%emt 0:01:10]} 33. Bd3 $11 {[%emt 0:00:29]} Rc8 {[%emt 0:02:25]} 34. Ba6 {[%emt 0:00:25]} Rcc7 35. Bd3 {[%emt 0:00:25]} h4 {[%emt 0:02:03]} 36. Re1 {[%emt 0:00:21]} Rfe7 {[%emt 0:00:52]} 37. Ra1 Re6 {[%emt 0:01:13]} 38. Bf5 {[%emt 0:00:58]} Re8 {[%emt 0:00:39]} 39. Ra6 {[%emt 0:00:47]} Kf6 {[%emt 0:00:28]} 40. Bd3 Rg8 {[%emt 0:31:45]} 41. b5 {[%emt 0:30:55]} Rgc8 {[%emt 0:00:53]} 42. bxc6 {[%emt 0:00:25]} Rb8 {[%emt 0:00:31]} 43. Ke2 {[%emt 0:00:39]} Rb6 {[%emt 0:00:40]} 44. Rxb6 {[%emt 0:00:26]} axb6 45. Bb5 {[%emt 0:00:32]} Ke6 {[%emt 0:01:00]} 46. c4 {[%emt 0:00:30]} Ra7 {[%emt 0:00:57]} 47. c5 {[%emt 0:00:34]} bxc5 {[%emt 0:00:30]} 48. dxc5 {[%emt 0:00:21]} Be5 {[%emt 0:00:21]} 49. Bd3 {[%emt 0:00:41]} Ra2 {[%emt 0:00:27]} 50. Ke1 {[%emt 0:00:30]} Ra1+ {[%emt 0:00:48]} 51. Ke2 {[%emt 0:00:30]} Ra2 {[%emt 0:00:24]} 52. Kd1 {[%emt 0:00:27]} Ra1+ {[%emt 0:00:45]} 53. Kc2 {[%emt 0:00:32]} Bc7 {[%emt 0:01:26]} 54. Bh7 {[%emt 0:00:26]} Rg1 {[%emt 0:00:25]} 55. Bg8+ {[%emt 0:00:21]} Ke5 {[%emt 0:00:29]} 56. Kd3 {[%emt 0:00:36]} d4 {[%emt 0:00:29]} 57. Bxf4+ {[%emt 0:00:39]} Kxf4 {[%emt 0:00:26]} 58. Kxd4 {[%emt 0:00:22]} Rd1+ {[%emt 0:00:26]} 59. Kc4 {[%emt 0:00:24]} Kg3 {[%emt 0:00:30]} 60. Be6 {[%emt 0:00:31]} Kxg2 {[%emt 0:00:25]} 61. Bg4 {[%emt 0:00:22]} Kg3 {[%emt 0:00:57]} 62. Kb5 {[%emt 0:00:34]} Ra1 {[%emt 0:00:36]} 63. Kc4 {[%emt 0:00:25]} Kf4 {[%emt 0:00:33]} 64. Kd5 {[%emt 0:00:29]} Rc1 {[%emt 0:00:39]} 65. Kd4 {[%emt 0:00:34]} Rd1+ {[%emt 0:00:31]} 66. Kc4 {[%emt 0:00:23]} Rd8 {[%emt 0:00:31]} 67. Kb5 {[%emt 0:00:30]} Ra8 {[%emt 0:00:24]} 68. Kb4 {[%emt 0:00:31]} Ke5 {[%emt 0:00:25]} 69. Kc4 {[%emt 0:00:24]} Ra1 {[%emt 0:00:35]} 70. Bd7 {[%emt 0:00:46]} Rc1+ {[%emt 0:00:21]} 71. Kb5 {[%emt 0:00:21]} Kd4 {[%emt 0:00:22]} 72. Ka6 {[%emt 0:00:29]} Rxc5 {[%emt 0:00:22]} 73. Kb7 {[%emt 0:00:23]} Bf4 {[%emt 0:00:29]} 74. Kb6 {[%emt 0:00:27]} Rc1 {[%emt 0:00:24]} 75. Bg4 {[%emt 0:00:30]} Rb1+ {[%emt 0:00:25]} 76. Ka6 {[%emt 0:00:26]} Kc5 {[%emt 0:00:31]} 77. Bd7 {[%emt 0:00:21]} Rb3 {[%emt 0:00:41]} 78. Bg4 {[%emt 0:01:08]} Kxc6 {[%emt 0:00:23]} 0-1

[Event "Israel Team Ch Under 18"]
[Site "Jerusalem"]
[Date "2017.08.15"]
[Round "7"]
[White "Gitzman, Michael"]
[Black "Lukin, Elisha"]
[Result "1/2-1/2"]
[WhiteElo "1912"]
[BlackElo "2006"]
[Annotator "NA RC"]
[PlyCount "137"]
[EventDate "2017.??.??"]
[EventType "swiss"]
[EventCountry "ISR"]
[SourceTitle "playchess.com"]
[Source "ChessBase"]
[SourceQuality "1"]
[TimeControl "40/5400+30:1800+30"]

1. d4 {[%emt 0:40:12]} Nf6 {[%emt 0:40:48]} 2. Nc3 {[%emt 0:00:25]} e6 {[%emt 0:00:56]} 3. Bf4 {[%emt 0:00:39]} b6 {[%emt 0:00:31]} 4. f3 {[%emt 0:01:37]} Bb7 {[%emt 0:01:45]} 5. e4 {[%emt 0:00:54]} d6 {[%emt 0:01:22]} 6. Bd3 {[%emt 0:02:40]} Nbd7 {[%emt 0:00:36]} 7. Qd2 {[%emt 0:03:27]} Be7 {[%emt 0:00:43]} 8. Nge2 {[%emt 0:02:12]} a6 {[%emt 0:01:26]} 9. Ng3 {[%emt 0:04:09]} c5 {[%emt 0:02:28]} 10. d5 {[%emt 0:03:42]} exd5 {[%emt 0:06:30]} 11. Nxd5 {[%emt 0:02:28]} Nxd5 {[%emt 0:00:33]} 12. exd5 {[%emt 0:00:26]} Ne5 {[%emt 0:05:11]} 13. Bxe5 {[%emt 0:06:38]} dxe5 {[%emt 0:00:27]} 14. c4 {[%emt 0:02:16]} Bh4 {[%emt 0:01:43]} 15. O-O {[%emt 0:01:07]} Bxg3 {[%emt 0:00:57]} 16. hxg3 {[%emt 0:00:22]} Qd6 {[%emt 0:03:16]} 17. Qg5 {[%emt 0:01:54]} O-O {[%emt 0:04:04]} 18. Rae1 {[%emt 0:01:42]} Rae8 {[%emt 0:01:37]} 19. Kf2 {[%emt 0:02:07]} h6 {[%emt 0:02:52]} 20. Qh5 {[%emt 0:03:21]} b5 {[%emt 0:07:15]} 21. b3 {[%emt 0:01:18]} ({Don't blunder} 21. cxb5 $2 Qxd5 22. Re3 c4 $19) 21... bxc4 {[%emt 0:02:12]} 22. bxc4 {[%emt 0:00:24]} Bc8 {[%emt 0:02:44]} 23. g4 {[%emt 0:01:49]} Qf6 {[%emt 0:01:01]} 24. Be4 {[%emt 0:09:58]} Bd7 {[%emt 0:02:31]} 25. Rh1 {[%emt 0:00:39]} Qf4 {[%emt 0:01:49]} 26. Re2 f5 {[%emt 0:06:35]} 27. g3 {[%emt 0:06:48]} Qg5 {[%emt 0:00:22]} 28. Bxf5 {[%emt 0:00:28]} Bxf5 {[%emt 0:00:26]} 29. gxf5 {[%emt 0:00:28]} Qxf5 {[%emt 0:00:27]} 30. Qxf5 {[%emt 0:00:31]} Rxf5 {[%emt 0:00:20]} 31. Ke3 {[%emt 0:00:32]} Rb8 {[%emt 0:00:31]} 32. Ke4 {[%emt 0:00:27]} Rg5 {[%emt 0:00:23]} 33. g4 {[%emt 0:00:31]} Rf8 {[%emt 0:00:34]} 34. d6 {[%emt 0:00:35]} Rf4+ {[%emt 0:00:58]} 35. Kd5 {[%emt 0:00:22]} Rd4+ {[%emt 0:01:04]} 36. Kxc5 {[%emt 0:00:23]} Rg6 {[%emt 0:00:26]} 37. Rxe5 {[%emt 0:00:31]} Rdxd6 {[%emt 0:00:31]} 38. Rd5 {[%emt 0:00:25]} Rc6+ {[%emt 0:00:21]} 39. Kd4 {[%emt 0:00:21]} Rgf6 {[%emt 0:00:29]} 40. Rf5 {[%emt 0:00:32]} Rfd6+ {[%emt 0:30:33]} 41. Kc3 {[%emt 0:30:32]} Re6 {[%emt 0:00:24]} 42. c5 {[%emt 0:00:41]} g6 {[%emt 0:01:43]} 43. Rd5 {[%emt 0:00:21]} Re3+ {[%emt 0:01:07]} 44. Kc4 {[%emt 0:00:29]} Rxf3 {[%emt 0:00:25]} 45. Rxh6 {[%emt 0:00:26]} Kg7 46. Rh2 {[%emt 0:00:40]} Ra3 {[%emt 0:01:21]} (46... Kf7 {was worth a try.} 47. Rd8 Ke7) 47. g5 {[%emt 0:00:45]} Ra4+ $18 {[%emt 0:01:03]} 48. Kb3 {[%emt 0:00:27]} Rg4 {[%emt 0:00:38]} 49. Rhd2 {[%emt 0:00:33]} Rg3+ {[%emt 0:00:36]} 50. Kb4 {[%emt 0:00:30]} Rg4+ {[%emt 0:00:32]} 51. R2d4 {[%emt 0:00:25]} Rg2 {[%emt 0:00:23]} 52. Rd7+ {[%emt 0:00:30]} Kf8 {[%emt 0:00:21]} 53. Rd8+ {[%emt 0:00:25]} Ke7 {[%emt 0:00:22]} 54. R4d7+ {[%emt 0:00:24]} Ke6 {[%emt 0:00:33]} 55. Rd6+ {[%emt 0:00:21]} Rxd6 {[%emt 0:00:50]} 56. Rxd6+ {[%emt 0:00:22]} Ke7 {[%emt 0:00:31]} 57. Rxg6 {[%emt 0:00:30]} Rxa2 {[%emt 0:00:21]} 58. c6 {[%emt 0:00:38]} Kd8 {[%emt 0:00:21]} 59. Rf6 {[%emt 0:00:49]} Kc7 {[%emt 0:00:34]} 60. g6 {[%emt 0:00:27]} Rg2 {[%emt 0:00:22]} 61. Ka5 {[%emt 0:00:42]} Ra2+ {[%emt 0:00:22]} 62. Kb4 {[%emt 0:00:21]} Rg2 {[%emt 0:00:22]} 63. Kc5 {[%emt 0:00:35]} Rg5+ {[%emt 0:00:21]} 64. Kd4 {[%emt 0:00:24]} a5 {[%emt 0:00:35]} 65. Ke4 {[%emt 0:00:32]} a4 {[%emt 0:00:21]} 66. Kf4 {[%emt 0:00:38]} Rg1 {[%emt 0:00:23]} 67. Ke5 {[%emt 0:00:31]} a3 {[%emt 0:00:27]} 68. Rf7+ {[%emt 0:00:29]} Kxc6 {[%emt 0:00:21]} 69. Ra7 {[%emt 0:00:31]} 1/2-1/2

[Event "Israel Team Ch Under 18"]
[Site "Jerusalem"]
[Date "2017.08.15"]
[Round "7"]
[White "Chachashvili, Zuri"]
[Black "Aroesti, Roee"]
[Result "1-0"]
[WhiteElo "1911"]
[BlackElo "2304"]
[Annotator "TA"]
[PlyCount "46"]
[EventDate "2017.??.??"]
[EventType "swiss"]
[EventCountry "ISR"]
[SourceTitle "playchess.com"]
[Source "ChessBase"]
[SourceQuality "1"]

{[%evp 29,31,-26,-20,-52]} 1. e4 c5 2. Nf3 d6 3. d4 cxd4 4. Nxd4 Nf6 5. Nc3 g6 6. Bc4 Bg7 7. f3 O-O 8. Be3 Nc6 9. Bb3 Bd7 10. Qd2 Rc8 11. O-O-O Nxd4 12. Bxd4 b5 13. Nd5 Nxd5 14. Bxg7 Kxg7 15. Bxd5 a5 {LiveBook: 17 Games} 16. Qd4+ {[%mdl 32768] Loss on Time!? B78: Sicilian Dragon: Yugoslav Attack, 9 Bc4 Bd7 10 0-0-0 Rc8} (16. h4 e6 17. h5 exd5 18. hxg6 hxg6 19. Qh6+ Kf6 20. Qh4+ Kg7 21. Qh6+ Kf6 22. Qh4+ Kg7 23. Qh6+ Kf6 24. Qh4+ Kg7 25. Qh6+ {½-½ (25) Jobava,B (2714)-Pourramezanali,A (2505) Bandar e Anzali 2017}) {Find the theoretical novelty and annotate with similar games:} 16... Kg8 $146 17. a3 Qc7 18. Rd2 Qc5 19. h4 Qxd4 20. Rxd4 h5 21. Re1 Kg7 22. e5 e6 23. Bb3 d5 {1-0 (51) Babaev,T (2400)-Atia,J (2114) Poti 2013} 1-0